| 000 | 00900cab a2200265 4500 | ||
|---|---|---|---|
| 001 | ABS55051 | ||
| 008 | 090401t1996 xxu||||| |||| 00| 0 eng d | ||
| 035 | _a(Sirsi) u13822 | ||
| 041 | _aeng | ||
| 100 | _aShea, C. | ||
| 245 | _aWhy issuing a writ could be the end of your own case | ||
| 260 | _c1996 | ||
| 350 | _a0 | ||
| 490 |
_aProperty Week _v55(3) 18 April 1996, 29(1) |
||
| 520 | _aExamines the extent of public authority statutory powers to close a street for public works, and how a challenge to a public body using the wrong procedure can lead to a case, such as a claim for loss of business, being struck out. | ||
| 650 | _aAPPLICATION FOR JUDICIAL REVIEW | ||
| 650 | _aPROCEDURAL EXCLUSIVITY | ||
| 650 | _aPUBLIC LAW | ||
| 650 | _aROAD CLOSURE | ||
| 650 | _aSTATUTORY POWERS | ||
| 690 | _aLAW | ||
| 690 | _aPLANNING LAW AND PRACTICE | ||
| 942 | _n0 | ||
| 948 | _c04/03/1997 | ||
| 999 |
_c8917 _d8917 |
||